<?xml version="1.0" encoding="UTF-8"?>
<collection xmlns="http://www.loc.gov/MARC21/slim">
 <record>
  <leader>01332nam0a2200277   4500</leader>
  <controlfield tag="001">in00000003533</controlfield>
  <controlfield tag="005">20230113141654.4</controlfield>
  <datafield tag="010" ind1=" " ind2=" ">
   <subfield code="a">7-100-00500-0</subfield>
   <subfield code="d">CNY17.00</subfield>
  </datafield>
  <datafield tag="035" ind1=" " ind2=" ">
   <subfield code="a">010805024777</subfield>
  </datafield>
  <datafield tag="100" ind1=" " ind2=" ">
   <subfield code="a">20020530h19721988em y0chiy0110    ea</subfield>
  </datafield>
  <datafield tag="101" ind1="1" ind2=" ">
   <subfield code="a">chi</subfield>
   <subfield code="c">eng</subfield>
  </datafield>
  <datafield tag="102" ind1=" " ind2=" ">
   <subfield code="a">CN</subfield>
   <subfield code="b">110000</subfield>
  </datafield>
  <datafield tag="105" ind1=" " ind2=" ">
   <subfield code="a">y   z   000yy</subfield>
  </datafield>
  <datafield tag="106" ind1=" " ind2=" ">
   <subfield code="a">r</subfield>
  </datafield>
  <datafield tag="200" ind1="1" ind2=" ">
   <subfield code="a">国民财富的性质和原因的研究</subfield>
   <subfield code="9">Guo Min Cai Fu De Xing Zhi He Yuan Yin De Yan Jiu</subfield>
   <subfield code="h">上卷</subfield>
   <subfield code="h">Shang Juan</subfield>
   <subfield code="f">(英)亚当·斯密(Adam Smith)[著]</subfield>
   <subfield code="f">( Ying ) Ya Dang· Si Mi (Adam Smith)[ Zhu ]</subfield>
   <subfield code="g">郭大力, 王亚南译</subfield>
  </datafield>
  <datafield tag="210" ind1=" " ind2=" ">
   <subfield code="a">北京</subfield>
   <subfield code="c">商务印书馆</subfield>
   <subfield code="d">1972</subfield>
   <subfield code="h">1988重印</subfield>
  </datafield>
  <datafield tag="215" ind1=" " ind2=" ">
   <subfield code="a">382页</subfield>
   <subfield code="d">21cm</subfield>
  </datafield>
  <datafield tag="330" ind1=" " ind2=" ">
   <subfield code="a">作者通过对资本主义生产关系的剖析，明确提出了劳动决定价值的理论。本卷包括“论劳动生产力增进的原因并论劳动生产物自然而然地分配给各阶级人民的顺序”和“论资财的性质及其蓄积和用途”两篇内容。</subfield>
  </datafield>
  <datafield tag="510" ind1="1" ind2=" ">
   <subfield code="a">An Inquiry into the Nature and Causes of the Wealth of Nations</subfield>
   <subfield code="z">eng</subfield>
  </datafield>
  <datafield tag="606" ind1="0" ind2=" ">
   <subfield code="a">古典资产阶级政治经济学</subfield>
  </datafield>
  <datafield tag="690" ind1=" " ind2=" ">
   <subfield code="a">F091.33</subfield>
   <subfield code="v">4</subfield>
  </datafield>
  <datafield tag="701" ind1=" " ind2="1">
   <subfield code="a">斯密</subfield>
   <subfield code="9">Si Mi</subfield>
   <subfield code="b">A.</subfield>
   <subfield code="4">著</subfield>
  </datafield>
  <datafield tag="701" ind1=" " ind2="1">
   <subfield code="a">Smith</subfield>
   <subfield code="b">Adam</subfield>
   <subfield code="4">著</subfield>
  </datafield>
  <datafield tag="702" ind1=" " ind2="0">
   <subfield code="a">郭大力</subfield>
   <subfield code="9">Guo Da Li</subfield>
   <subfield code="4">译</subfield>
  </datafield>
  <datafield tag="702" ind1=" " ind2="0">
   <subfield code="a">王亚南</subfield>
   <subfield code="9">Wang Ya Nan</subfield>
   <subfield code="4">译</subfield>
  </datafield>
  <datafield tag="999" ind1="f" ind2="f">
   <subfield code="s">f0da8153-bc5a-4760-a5ec-647cda82945e</subfield>
   <subfield code="i">b426ec40-892c-480c-8724-c721c2b53bc0</subfield>
  </datafield>
 </record>
</collection>
